000 00849nam a22002297a 4500
999 _c2023
_d2023
003 AR-CdUCM
008 190228b ||||| |||| 00| 0 spa d
040 _aMUNICIPALIDAD PROVINCIAL DEL CUSCO
_cBIBLIOTECA MUNICIPAL DEL CUSCO
082 _a918 /
_bH93
100 _aDe Humboldt, Alejandro
_97354
245 _aDel Orinoco al Amazonas :
_bViaje a las Regiones Equinocciales del Nuevo Continente /
260 _aEspaña :
_bLabor ;
_c1962.
300 _a429 páginas
_bfotografías, mapas
_c22cm
505 _aPartida de España -- Viaje desde Santa Cruz a la Orotava -- La Península de Araya -- Confluencia del Apure y el Orinoco -- El río Negro
650 _aGeografía
_9318
650 _aViajes
_9856
650 _aOrinoco
_97355
650 _aRíos
_9918
650 _aAmazonas
_97356
942 _2ddc
_cLIBROS
945 _anom
_d2019-02-28